| 000 | 00558nam a2200217Ia 4500 | ||
|---|---|---|---|
| 005 | 20230427115139.0 | ||
| 008 | 131103s9999 xx 000 0 und d | ||
| 020 | _aSBN 33306328 7 | ||
| 040 | _aLoreto College | ||
| 041 | _aEnglish | ||
| 082 |
_a823.8 _bDIC-DYS |
||
| 100 | _aDyson, A.E. | ||
| 245 | 4 |
_aThe inimitable Dickens _b a reading the novels _cA.E.Dyson |
|
| 260 |
_aLondon _bMacmillan _c1971 |
||
| 300 | _a303 p. | ||
| 504 | _aIncludes index | ||
| 650 | _aEnglish literature | ||
| 651 | _aEnglish fiction | ||
| 850 | _aLCLIB | ||
| 942 | _cBK | ||
| 999 |
_c5307 _d55786 |
||